000 00299nam a22001337a 4500
008 170728b xxu||||| |||| 00| 0 eng d
020 _a013629023X
041 _aeng
080 _a004
100 _a31
101 _aSHKI
245 _aOBJECT-ORIENTED SYSTEMS ANALYSIS
_cSHLAER, S
942 _2udc
_cBK
999 _c22071
_d22071